000 00567nam a22001577a 4500
008 160427b xxu||||| |||| 00| 0 eng d
082 _22008
_aUT 0098
_bD17
100 _96504
_aDalumatan, Dexter N.
245 _aAwareness of brain enhancing products and their extent of utilization/
_cDexter N. Dalumatan, Jasmin T. Largo and Michelle E. Yap.
260 _aDigos City:
_bUMDC
_cAugust 2008.
300 _a37 pages;
_c28 cm.
650 0 _96503
_aNursing
_xUndergraduate thesis.
700 _96501
_aLargo, Jasmin T.
700 _96502
_aYap, Michelle E.
942 _2ddc
_cUT
999 _c2019
_d2019